Ethnic Groups of China! - Statistics

General Stats
  • This quiz has been taken 240 times
    231 since last reset
  • The average score is 22 of 56
Answer Stats
Hint Answer % Correct
1 Han
94%
10 Mongol
84%
5 Uygur
82%
9 Tibetan
77%
15 Korean
74%
4 Manchu
72%
3 Hui
70%
29 Tu
66%
47 Russian
65%
18 Kazakh
64%
2 Zhuang
63%
32 Kyrgyz
60%
38 Tajik
60%
6 Miao
59%
49 Uzbek
54%
17 Li
52%
7 Yi
52%
14 Bai
43%
19 Dai
43%
11 Dong
43%
20 She
42%
25 Wa
38%
13 Yao
37%
43 Gin
36%
8 Tujia
35%
42 Evenki
34%
35 Salar
34%
16 Hani
33%
21 Lisu
33%
26 Sui
32%
22 Dongxiang
31%
31 Xibe
31%
28 Qiang
30%
48 Yugur
30%
12 Bouyei
27%
24 Lahu
27%
56 Tatars
27%
54 Gaoshan
26%
27 Nakhi
26%
41 Nu
25%
34 Daur
24%
33 Jingpo
24%
44 Jino
22%
51 Oroqen
22%
30 Mulao
21%
23 Gelao
20%
53 Hezhen
20%
55 Lhoba
20%
39 Pumi
19%
40 Achang
18%
36 Blang
17%
52 Dulong
17%
46 Bonan
16%
50 Monba
16%
37 Maonan
14%
45 Deang
12%
No matching quizzes found
Score Distribution
Percent of People with Each Score
Percentile by Number Answered
Your Score History
You have not taken this quiz since the last reset